Las ventajas de ser invisible /
Guardado en:
| Autor Principal: | |
|---|---|
| Otros Autores: | |
| Formato: | Libro |
| Idioma: | Undetermined |
| Publicado: |
Buenos Aires :
Alfaguara,
2015.
|
| Edición: | 10a ed. |
| Materias: | |
| Etiquetas: |
Agregar Etiqueta
Sin Etiquetas, Sea el primero en etiquetar este registro!
|
| LEADER | 01164nam a22002175a 4500 | ||
|---|---|---|---|
| 001 | CEM.cems020565 | ||
| 008 | 231020s2015####ag############000#0#und#d | ||
| 005 | 20231020190415.0 | ||
| 245 | 1 | 0 | |a Las ventajas de ser invisible / |c Stephen Chbosky ; traducción de Vanesa Pérez-Sauquillo. |
| 250 | |a 10a ed. | ||
| 260 | |a Buenos Aires : |b Alfaguara, |c 2015. | ||
| 300 | |a 264 p. | ||
| 500 | |a Charlie es un chico realmente especial: lee muchísimo, no sale con amigos ni con chicas y reflexiona sobre el mundo desde un punto de vista muy particular. Su ingenuidad, su incapacidad para relacionarse normalmente y su extrema sinceridad le crean más de un problema, especialmente ahora que su único amigo ha muerto. Conocer a Sam y Patrick, los chicos más excéntricos del instituto, provocará un giro radical en su vida que lo sumergirá de pleno en la adolescencia. | ||
| 020 | |a 9789870426813 | ||
| 100 | 1 | |a Chbosky, Stephen. | |
| 700 | 1 | |a Pérez-Sauquillo, Vanesa; trad. | |
| 653 | |a Literatura juvenil | ||
| 653 | |a Novela juvenil | ||
| 653 | |a Novela estadounidense | ||
| 653 | |a Literatura estadounidense | ||
| 859 | |a CEMS |b BIB. CEMS - 11 de abril |h 813.5 |i C399 |p 29785.23 |t Ej.1 | ||
